| 000 | 00494nam a2200205Ia 4500 | ||
|---|---|---|---|
| 005 | 20240823025908.0 | ||
| 008 | 240823s9999||||xx |||||||||||||| ||und|| | ||
| 020 | _a81-239-0978-0 | ||
| 041 | _aENGLISH | ||
| 082 | _A620.1054 P7 | ||
| 100 | _aMario Paz | ||
| 245 | 0 | _aStructural Dynamics Theory computation | |
| 250 | _a5th | ||
| 260 |
_c2007 _bSpringer International Ed |
||
| 500 | _aYES | ||
| 650 |
_astructural _bCivil |
||
| 700 | _a William Leigh | ||
| 942 | _cBK | ||
| 999 |
_c187404 _d187404 |
||